[Event "SRB Team Chmp 2008"]
[Site "Subotica"]
[Date "2008.09.03"]
[Round "3.1"]
[White "Khenkin, Igor"]
[Black "Mastrovasilis, Dimitrios"]
[Result "1/2-1/2"]
[WhiteElo "2655"]
[BlackElo "2563"]
[PlyCount "118"]
[EventDate "2008.09.01"]

1. d4 d5 2. c4 c6 3. Nf3 Nf6 4. Qb3 dxc4 5. Qxc4 Bf5 6. g3 e6 7. Bg2 Nbd7 8.
O-O Be7 9. Nc3 O-O 10. Re1 Ne4 11. Qb3 Qb6 12. Nh4 Qxb3 13. axb3 Bb4 14. Nxf5
exf5 15. Bxe4 fxe4 16. Bd2 Rfe8 17. Nxe4 Rxe4 18. Bxb4 Rxd4 19. Bc3 Rd6 20.
Red1 Rxd1+ 21. Rxd1 Nc5 22. b4 Na4 23. Bd4 Rd8 24. Rd3 f6 25. f4 Kf7 26. Kf2
Nb6 27. Kf3 Nc8 28. e4 a5 29. Ke3 axb4 30. Bc5 Rxd3+ 31. Kxd3 b3 32. Kc3 b6 33.
Bg1 c5 34. Kxb3 Nd6 35. e5 fxe5 36. fxe5 Ne4 37. Kc4 Ke6 38. Kb5 Kxe5 39. Kxb6
Kd5 40. b3 Nd2 41. Bxc5 Nxb3 42. Bf8 g6 43. Kc7 Ke6 44. Bh6 Nd4 45. Be3 Nf3 46.
h3 h5 47. Kd8 g5 48. Ke8 g4 49. hxg4 hxg4 50. Kf8 Kf6 51. Kg8 Kg6 52. Kf8 Nh2
53. Bf4 Nf1 54. Bb8 Kf5 55. Kg7 Ke4 56. Kg6 Kf3 57. Kh5 Nxg3+ 58. Kg5 Ne4+ 59.
Kf5 g3 1/2-1/2

[Event "SRB Team Chmp 2008"]
[Site "Subotica"]
[Date "2008.09.03"]
[Round "3.1"]
[White "Ivanovic, Bozidar"]
[Black "Todorovic, Goran M"]
[Result "0-1"]
[WhiteElo "2436"]
[BlackElo "2479"]
[PlyCount "68"]
[EventDate "2008.09.01"]

1. e4 e5 2. Bc4 Nf6 3. d3 Nc6 4. Nc3 Na5 5. Nge2 Nxc4 6. dxc4 Be7 7. b3 d6 8.
O-O O-O 9. Bb2 c6 10. a4 Be6 11. a5 Qc7 12. f4 b5 13. f5 Bd7 14. Qd3 b4 15. Na4
Qxa5 16. Kh1 d5 17. Ng3 dxc4 18. Qxc4 c5 19. Nc3 Qb6 20. Nd5 Nxd5 21. Qxd5 Bc6
22. Qd1 f6 23. Qg4 c4 24. Nh5 Rf7 25. Bxe5 cxb3 26. Bb2 Rd8 27. cxb3 Rd2 28.
Bc1 Rf2 29. Bh6 Bf8 30. Rfd1 Kh8 31. Bc1 Qd4 32. Ra6 Bxe4 33. Nf4 Bxg2+ 34. Kg1
Rd2# 0-1

[Event "SRB Team Chmp 2008"]
[Site "Subotica"]
[Date "2008.09.03"]
[Round "3.1"]
[White "Cvetkovic, Srdjan"]
[Black "Stamenkovic, Dragan"]
[Result "1/2-1/2"]
[WhiteElo "2374"]
[BlackElo "2412"]
[PlyCount "86"]
[EventDate "2008.09.01"]

1. Nf3 d5 2. d4 Nf6 3. c4 c6 4. e3 e6 5. Nbd2 Nbd7 6. b3 b6 7. Bb2 Bb7 8. Bd3
Be7 9. O-O O-O 10. Qc2 c5 11. Rac1 Rc8 12. Rfd1 Rc7 13. e4 dxe4 14. Nxe4 Nxe4
15. Bxe4 Bxe4 16. Qxe4 Bf6 17. Qe2 Qc8 18. dxc5 Bxb2 19. Qxb2 Nxc5 20. b4 Nb7
21. Qe2 Rd8 22. Rxd8+ Qxd8 23. h3 h6 24. a3 Qf6 25. Qe3 Qb2 26. Ne5 Qa2 27. g4
f6 28. Nf3 Kf7 29. Nd4 Nd8 30. Nb5 Rd7 31. c5 bxc5 32. Qxc5 Qd2 33. Nxa7 e5 34.
Nc6 Ne6 35. Qc4 Rd5 36. b5 Nf4 37. Nb4 Nxh3+ 38. Kh2 Qxf2+ 39. Kxh3 Qf3+ 40.
Kh2 Qf2+ 41. Kh1 Qf3+ 42. Kg1 Qg3+ 43. Kf1 Qf3+ 1/2-1/2

[Event "SRB Team Chmp 2008"]
[Site "Subotica"]
[Date "2008.09.03"]
[Round "3.1"]
[White "Sarenac, David"]
[Black "Jovic, Aleksandar"]
[Result "1-0"]
[WhiteElo "2222"]
[BlackElo "2381"]
[PlyCount "41"]
[EventDate "2008.09.01"]

1. e4 d5 2. exd5 Qxd5 3. Nf3 Bg4 4. Be2 Nc6 5. d4 O-O-O 6. c4 Qf5 7. Be3 Nf6 8.
Nbd2 e6 9. O-O Bb4 10. a3 Bxd2 11. Qxd2 Bxf3 12. Bxf3 Ne4 13. Qd1 Kb8 14. Re1
Nd6 15. Qa4 Ne7 16. Rac1 g5 17. d5 Ndc8 18. Be4 Qf6 19. dxe6 fxe6 20. Qb5 Nd6
21. Qa4 1-0

[Event "SRB Team Chmp 2008"]
[Site "Subotica"]
[Date "2008.09.03"]
[Round "3.2"]
[White "Marjanovic, Slavoljub"]
[Black "Vuckovic, Bojan"]
[Result "1/2-1/2"]
[WhiteElo "2479"]
[BlackElo "2563"]
[PlyCount "89"]
[EventDate "2008.09.01"]

1. e4 c5 2. Nf3 Nc6 3. d4 cxd4 4. Nxd4 Nf6 5. Nc3 e5 6. Ndb5 d6 7. Bg5 a6 8.
Na3 b5 9. Bxf6 gxf6 10. Nd5 f5 11. Bd3 Be6 12. O-O Bxd5 13. exd5 Ne7 14. Re1
Bg7 15. c3 O-O 16. Qh5 e4 17. Bf1 Re8 18. Nc2 Rc8 19. Rad1 Rc5 20. Ne3 f4 21.
Ng4 f5 22. Nh6+ Bxh6 23. Qxh6 Ng6 24. Rd4 Kh8 25. a4 Rg8 26. axb5 axb5 27. Kh1
Rc7 28. Rb4 Rcg7 29. Rxb5 Nh4 30. Ra1 Rg6 31. Qxf4 Nxg2 32. Bxg2 Rxg2 33. Rb7
Qf6 34. Rb8 Rxh2+ 35. Kxh2 Rxb8 36. b4 Qf7 37. Qh6 f4 38. Rg1 e3 39. fxe3 fxe3
40. Qxe3 Qh5+ 41. Qh3 Qxd5 42. Rg2 Qe5+ 43. Qg3 Qh5+ 44. Qh3 Qe5+ 45. Qg3
1/2-1/2

[Event "SRB Team Chmp 2008"]
[Site "Subotica"]
[Date "2008.09.03"]
[Round "3.2"]
[White "Pavlovic, Milos"]
[Black "Martinovic, Slobodan"]
[Result "1-0"]
[WhiteElo "2515"]
[BlackElo "2453"]
[PlyCount "53"]
[EventDate "2008.09.01"]

1. d4 Nf6 2. c4 e6 3. Nc3 Bb4 4. Qc2 c5 5. dxc5 O-O 6. a3 Bxc5 7. Nf3 b6 8. Bf4
Bb7 9. Rd1 Nc6 10. b4 Be7 11. e4 a5 12. b5 Na7 13. Be2 Rc8 14. e5 Nh5 15. Be3
g6 16. O-O Bxf3 17. Bxf3 Ng7 18. Na4 Nxb5 19. Qd3 Nc7 20. Nxb6 Nf5 21. Nxc8
Qxc8 22. Bd2 Na6 23. Bxa5 Qc5 24. Bc3 Qxa3 25. Ra1 Nc5 26. Rxa3 Nxd3 27. Ra8
1-0

[Event "SRB Team Chmp 2008"]
[Site "Subotica"]
[Date "2008.09.03"]
[Round "3.2"]
[White "Miljkovic, Miroslav D"]
[Black "Arsovic, Zoran"]
[Result "0-1"]
[WhiteElo "2427"]
[BlackElo "2475"]
[PlyCount "76"]
[EventDate "2008.09.01"]

1. d4 Nf6 2. c4 g6 3. Nc3 Bg7 4. e4 d6 5. f4 c5 6. d5 O-O 7. Nf3 e6 8. Be2 exd5
9. cxd5 Bg4 10. O-O Nbd7 11. h3 Bxf3 12. Bxf3 Rb8 13. Re1 Ne8 14. a4 a6 15. a5
Nc7 16. Re2 Re8 17. Be3 b5 18. axb6 Rxb6 19. Rc1 Rb4 20. Rcc2 Nb5 21. Nxb5 Rxb5
22. Bf2 h5 23. e5 dxe5 24. d6 Rb6 25. Rcd2 exf4 26. Bd5 Rxe2 27. Qxe2 Bf8 28.
Qe4 Rxd6 29. b4 cxb4 30. Re2 Qg5 31. Bb3 Nc5 32. Bxf7+ Kxf7 33. Qe8+ Kg7 34. h4
Qd8 35. Qe5+ Qf6 36. Bxc5 Rd1+ 37. Kf2 Bxc5+ 38. Qxc5 Qxh4+ 0-1

[Event "SRB Team Chmp 2008"]
[Site "Subotica"]
[Date "2008.09.03"]
[Round "3.2"]
[White "Arsovic, Goran"]
[Black "Perunovic, Miodrag"]
[Result "1/2-1/2"]
[WhiteElo "2469"]
[BlackElo "2419"]
[PlyCount "55"]
[EventDate "2008.09.01"]

1. d4 Nf6 2. Nf3 e6 3. c4 b6 4. g3 Ba6 5. Qa4 Bb7 6. Bg2 c5 7. dxc5 Bxc5 8. O-O
O-O 9. Nc3 Be7 10. Rd1 Na6 11. Bf4 Nc5 12. Qc2 Qc8 13. Rd4 d5 14. cxd5 Nxd5 15.
Nxd5 Bxd5 16. Ng5 Bxg5 17. Bxg5 Bxg2 18. Kxg2 Qb7+ 19. f3 e5 20. Rc4 e4 21. Be3
exf3+ 22. exf3 Ne6 23. Rc1 Rad8 24. a4 Rd5 25. Rc8 Rdd8 26. Rc4 Rd5 27. Rc8
Rdd8 28. Rc4 1/2-1/2

[Event "SRB Team Chmp 2008"]
[Site "Subotica"]
[Date "2008.09.03"]
[Round "3.2"]
[White "Maksimovic, Branimir"]
[Black "Vratonjic, Slobo"]
[Result "1-0"]
[WhiteElo "2397"]
[BlackElo "2407"]
[PlyCount "75"]
[EventDate "2008.09.01"]

1. d4 Nf6 2. Nf3 e6 3. e3 b6 4. Bd3 Bb7 5. O-O c5 6. c4 g6 7. Nc3 Bg7 8. b3 O-O
9. Bb2 Na6 10. Be2 d5 11. cxd5 exd5 12. dxc5 bxc5 13. Na4 Qe7 14. Rc1 Rfd8 15.
Qe1 Rac8 16. Qa5 Qc7 17. Qxc7 Rxc7 18. Rfd1 Ne4 19. Bxg7 Kxg7 20. Nd2 Rdc8 21.
Nxe4 dxe4 22. Rd2 Nb4 23. a3 Nd5 24. Rdc2 c4 25. Rxc4 Rxc4 26. Rxc4 Rxc4 27.
Bxc4 Nb6 28. Nxb6 axb6 29. Kf1 f5 30. Ke1 Kf6 31. Kd2 g5 32. Kc3 Ke5 33. Kb4
Bc6 34. a4 Kd6 35. a5 Kc7 36. axb6+ Kxb6 37. Be6 f4 38. Kc4 1-0

[Event "SRB Team Chmp 2008"]
[Site "Subotica"]
[Date "2008.09.03"]
[Round "3.3"]
[White "Blagojevic, Dragisa"]
[Black "Abramovic, Bosko"]
[Result "1-0"]
[WhiteElo "2519"]
[BlackElo "2488"]
[PlyCount "119"]
[EventDate "2008.09.01"]

1. d4 Nf6 2. c4 e6 3. g3 d5 4. Nf3 dxc4 5. Bg2 c5 6. O-O Nc6 7. dxc5 Qxd1 8.
Rxd1 Bxc5 9. Nbd2 c3 10. bxc3 O-O 11. Nb3 Be7 12. Nfd4 Bd7 13. Bg5 Rfc8 14.
Bxf6 gxf6 15. Nf5 Rc7 16. Nxe7+ Nxe7 17. Bxb7 Rb8 18. Bg2 Ba4 19. Rdc1 Rbc8 20.
Rc2 Rxc3 21. Rxc3 Rxc3 22. Rc1 Rxc1+ 23. Nxc1 Kf8 24. Kf1 Nc8 25. Ke1 Ke7 26.
Kd2 Kd6 27. Kc3 a5 28. Be4 h6 29. Bc2 Bxc2 30. Kxc2 Kc5 31. Kb3 Nb6 32. Nd3+
Kb5 33. e4 e5 34. Nb2 a4+ 35. Kc3 a3 36. Nd3 Nc4 37. Ne1 Nd6 38. f3 Ka4 39. Nc2
f5 40. exf5 Nxf5 41. Kc4 f6 42. Kd5 Kb5 43. Nxa3+ Kb4 44. Nb1 Ne3+ 45. Ke6 Nf1
46. h4 Nh2 47. Kxf6 Nxf3 48. Kf5 h5 49. Ke4 Nd4 50. Kxe5 Ne2 51. g4 hxg4 52.
Ke4 Kc5 53. Ke3 Nd4 54. Kf4 Kd5 55. Kxg4 Ke5 56. a4 Nc6 57. Kg5 Ke6 58. Nd2 Nd4
59. a5 Kd6 60. h5 1-0

[Event "SRB Team Chmp 2008"]
[Site "Subotica"]
[Date "2008.09.03"]
[Round "3.3"]
[White "Brenjo, Slavisa"]
[Black "Antic, Dejan"]
[Result "0-1"]
[WhiteElo "2486"]
[BlackElo "2482"]
[PlyCount "70"]
[EventDate "2008.09.01"]

1. e4 e6 2. d4 d5 3. Nc3 Nf6 4. e5 Nfd7 5. f4 c5 6. Nf3 Nc6 7. Be3 Be7 8. Qd2
O-O 9. O-O-O c4 10. f5 b5 11. f6 gxf6 12. exf6 Bxf6 13. Nxb5 Rb8 14. Nc3 Qb6
15. b3 Qa5 16. Kb1 Nc5 17. Nxd5 exd5 18. Qxa5 Nxa5 19. dxc5 cxb3 20. axb3 Nxb3
21. Ka2 d4 22. cxb3 dxe3 23. Bc4 Re8 24. Rhe1 Bf5 25. Rd6 Kg7 26. Nd4 Bg6 27.
Rd7 Rbc8 28. Ne6+ Kh8 29. Nf4 Rxc5 30. Nxg6+ fxg6 31. Rxa7 e2 32. Ka3 Rxc4 33.
bxc4 Bc3 34. Rxe2 Rxe2 35. c5 Be5 0-1

[Event "SRB Team Chmp 2008"]
[Site "Subotica"]
[Date "2008.09.03"]
[Round "3.3"]
[White "Barlov, Dragan"]
[Black "Ostojic, Nikola"]
[Result "0-1"]
[WhiteElo "2474"]
[BlackElo "2429"]
[PlyCount "172"]
[EventDate "2008.09.01"]

1. c4 c5 2. Nf3 Nc6 3. d4 cxd4 4. Nxd4 Nf6 5. Nc3 e6 6. a3 Be7 7. e3 O-O 8. Be2
b6 9. O-O Bb7 10. b3 Rc8 11. Bb2 Qc7 12. Rc1 Qb8 13. Nxc6 Bxc6 14. Bf3 Rfd8 15.
Qe2 Bxf3 16. Qxf3 d5 17. cxd5 Nxd5 18. Nxd5 Rxd5 19. Qg3 Bf8 20. Qxb8 Rxb8 21.
Rfd1 Rbd8 22. Rxd5 Rxd5 23. g3 Rd3 24. b4 Rb3 25. Rc2 f6 26. Kg2 a5 27. bxa5
bxa5 28. a4 Rb4 29. Ba3 Rxa4 30. Bxf8 Kxf8 31. Rc7 e5 32. Ra7 h5 33. h4 Kg8 34.
Kf3 Kh7 35. e4 Kh6 36. Ra6 Ra3+ 37. Ke2 Ra1 38. Ke3 a4 39. Kf3 a3 40. Ke2 Kh7
41. Ra7 a2 42. Kf3 Kg8 43. Kg2 Re1 44. Ra8+ Kh7 45. Rxa2 Rxe4 46. Ra7 Rb4 47.
Kf3 Rb6 48. Ke3 Kh6 49. Kf3 Kg6 50. Rc7 Rb3+ 51. Kg2 Rb4 52. Re7 Kh6 53. Kf3 g5
54. hxg5+ Kxg5 55. Rg7+ Kf5 56. Rh7 Kg6 57. Rh8 Rb7 58. Rg8+ Rg7 59. Ra8 Rh7
60. Ke4 h4 61. gxh4 Rxh4+ 62. Kf3 Rb4 63. Kg2 Kg5 64. Kf3 Rb3+ 65. Kg2 Kf4 66.
Ra4+ e4 67. Ra1 f5 68. Ra4 Rb8 69. Rc4 Ke5 70. Rc5+ Ke6 71. Ra5 f4 72. Ra6+ Kf5
73. Ra5+ Ke6 74. Ra6+ Kd5 75. Ra5+ Kc4 76. Ra4+ Rb4 77. Ra8 Kd3 78. Ra3+ Kd2
79. Ra2+ Kc3 80. Ra8 Rb2 81. Rc8+ Kd3 82. Rd8+ Ke2 83. Rd4 e3 84. Rxf4 Ke1 85.
Ra4 e2 86. Kf3 Kf1 0-1

[Event "SRB Team Chmp 2008"]
[Site "Subotica"]
[Date "2008.09.03"]
[Round "3.3"]
[White "Martic, Ivan"]
[Black "Mozetic, Dejan"]
[Result "0-1"]
[WhiteElo "2274"]
[BlackElo "2410"]
[PlyCount "68"]
[EventDate "2008.09.01"]

1. e4 g6 2. d4 Bg7 3. Nc3 d6 4. f4 a6 5. Nf3 b5 6. Bd3 Nd7 7. e5 c5 8. Be4 Rb8
9. Be3 b4 10. Ne2 Qc7 11. O-O cxd4 12. Bxd4 dxe5 13. fxe5 Nc5 14. Bd5 e6 15.
Ng5 Nh6 16. Ne4 Nxe4 17. Bxe4 O-O 18. Kh1 Ng4 19. Ng3 Nxe5 20. Qe2 f5 21. Bf3
Nxf3 22. Bxg7 Qxg7 23. gxf3 Qxb2 24. Rad1 Rb6 25. Rd2 Qf6 26. Rfd1 Bb7 27. Rd7
Bc6 28. R7d6 Bb5 29. Qd2 Rxd6 30. Qxd6 a5 31. Qb6 Bc4 32. Rd7 Bd5 33. Kg2 Qc3
34. Rc7 Qxf3+ 0-1

[Event "SRB Team Chmp 2008"]
[Site "Subotica"]
[Date "2008.09.03"]
[Round "3.4"]
[White "Damljanovic, Branko"]
[Black "Solak, Dragan"]
[Result "0-1"]
[WhiteElo "2579"]
[BlackElo "2596"]
[PlyCount "74"]
[EventDate "2008.09.01"]

1. d4 d5 2. Nf3 Nf6 3. c4 c6 4. e3 a6 5. Bd3 Bg4 6. Nbd2 e6 7. Qc2 Nbd7 8. b3
Bxf3 9. Nxf3 Qa5+ 10. Ke2 Ba3 11. Bxa3 Qxa3 12. c5 Qa5 13. h3 Qc7 14. Qc3 O-O
15. g4 Rae8 16. g5 Nh5 17. Ne5 f5 18. gxf6 gxf6 19. Rag1+ Kh8 20. Ng6+ hxg6 21.
Rxg6 Ng7 22. Rhg1 Rf7 23. Rh6+ Kg8 24. Bh7+ Kf8 25. Bg6 Nf5 26. Rh5 Ke7 27.
Bxf7 Kxf7 28. Rh7+ Kf8 29. Qe1 Re7 30. Rh8+ Kf7 31. Rgg8 Qh2 32. Qa5 e5 33. Qd8
Ke6 34. Re8 exd4 35. Rh7 Ng3+ 36. Kd3 Ne5+ 37. Kxd4 Ne2# 0-1

[Event "SRB Team Chmp 2008"]
[Site "Subotica"]
[Date "2008.09.03"]
[Round "3.4"]
[White "Kovacevic, Aleksandar"]
[Black "Iordachescu, Viorel"]
[Result "1/2-1/2"]
[WhiteElo "2585"]
[BlackElo "2579"]
[PlyCount "53"]
[EventDate "2008.09.01"]

1. e4 e5 2. Nf3 Nf6 3. Nxe5 d6 4. Nf3 Nxe4 5. d4 d5 6. Bd3 Nc6 7. O-O Be7 8. c4
Nb4 9. cxd5 Nxd3 10. Qxd3 Qxd5 11. Re1 Bf5 12. Nc3 Nxc3 13. Qxc3 Be6 14. Re5
Qc6 15. Qa5 b6 16. d5 bxa5 17. dxc6 O-O-O 18. Bg5 Bxg5 19. Rxg5 Bd5 20. Rxg7
Rhg8 21. Rg3 Bxc6 22. Ne5 Bd5 23. Rxg8 Rxg8 24. f3 f6 25. Ng4 Bxf3 26. gxf3 h5
27. h3 1/2-1/2

[Event "SRB Team Chmp 2008"]
[Site "Subotica"]
[Date "2008.09.03"]
[Round "3.4"]
[White "Stojanovic, Mihajlo"]
[Black "Markus, Robert"]
[Result "1-0"]
[WhiteElo "2552"]
[BlackElo "2572"]
[PlyCount "69"]
[EventDate "2008.09.01"]

1. d4 Nf6 2. c4 g6 3. Nf3 Bg7 4. g3 c5 5. Bg2 Qa5+ 6. Qd2 Qxd2+ 7. Nbxd2 cxd4
8. Nxd4 Nc6 9. e3 O-O 10. O-O d5 11. b3 Nxd4 12. exd4 Be6 13. Ba3 Rfe8 14. Rac1
Rad8 15. c5 Ne4 16. Nxe4 dxe4 17. Bxe4 Bd5 18. Bxd5 Rxd5 19. Bb2 Bxd4 20. Bxd4
Rxd4 21. Rfd1 e5 22. Kf1 Rxd1+ 23. Rxd1 Kf8 24. Ke2 b6 25. Rd7 Rc8 26. b4 bxc5
27. b5 Ra8 28. a4 Ke8 29. Rc7 c4 30. g4 h5 31. g5 Rd8 32. Rxa7 c3 33. b6 Rd2+
34. Ke3 Rb2 35. b7 1-0

[Event "SRB Team Chmp 2008"]
[Site "Subotica"]
[Date "2008.09.03"]
[Round "3.4"]
[White "Popovic, Dusan"]
[Black "Pavlovic, Milos M"]
[Result "1-0"]
[WhiteElo "2551"]
[BlackElo "2537"]
[PlyCount "51"]
[EventDate "2008.09.01"]

1. e4 c5 2. Nf3 e6 3. b3 Nf6 4. e5 Nd5 5. Bb2 Nc6 6. c4 Nde7 7. Nc3 Ng6 8. Nb5
a6 9. Nd6+ Bxd6 10. exd6 e5 11. h4 Qf6 12. h5 Nf4 13. g3 Ne6 14. Qe2 O-O 15.
Qe4 Ned4 16. Bxd4 cxd4 17. Bd3 g6 18. Qg4 Nb4 19. Be4 Qg7 20. hxg6 hxg6 21. Qh4
d3 22. a3 Nc2+ 23. Kf1 Nxa1 24. Ng5 Nxb3 25. Bd5 Nd4 26. Ne4 1-0

[Event "SRB Team Chmp 2008"]
[Site "Subotica"]
[Date "2008.09.03"]
[Round "3.6"]
[White "Drasko, Milan"]
[Black "Sedlak, Nikola"]
[Result "1-0"]
[WhiteElo "2508"]
[BlackElo "2576"]
[PlyCount "99"]
[EventDate "2008.09.01"]

1. d4 f5 2. g3 Nf6 3. Bg2 e6 4. Nf3 d5 5. O-O Bd6 6. c4 c6 7. Nbd2 O-O 8. Ne5
b6 9. Ndf3 Bb7 10. Bf4 Ne4 11. Rc1 c5 12. dxc5 bxc5 13. Nd3 Be7 14. b4 Nd7 15.
cxd5 Bxd5 16. bxc5 Ndxc5 17. Nb4 Bb7 18. Qxd8 Rfxd8 19. Ne5 Rac8 20. Nc4 Ba8
21. Na5 Bf6 22. Rc2 Bc3 23. a3 Na4 24. Be3 Bxb4 25. Rxc8 Bxa5 26. Rxd8+ Bxd8
27. Bxa7 Bd5 28. Bd4 Be7 29. Rc1 Bd6 30. Rc8+ Kf7 31. Rd8 Ke7 32. Rg8 e5 33.
Rxg7+ Kf6 34. Ra7 exd4 35. Bxe4 fxe4 36. Rxa4 Be5 37. f4 exf3 38. Kf2 fxe2 39.
Kxe2 Kf5 40. Ra7 h6 41. Rh7 Bc4+ 42. Kd2 Bf6 43. h4 Be5 44. Rxh6 Bxg3 45. Rh7
Bb5 46. Rh5+ Ke4 47. Rxb5 Bxh4 48. a4 Bf2 49. a5 Be3+ 50. Kd1 1-0

[Event "SRB Team Chmp 2008"]
[Site "Subotica"]
[Date "2008.09.03"]
[Round "3.6"]
[White "Bogosavljevic, Boban"]
[Black "Djuric, Stefan"]
[Result "1-0"]
[WhiteElo "2533"]
[BlackElo "2462"]
[PlyCount "85"]
[EventDate "2008.09.01"]

1. Nf3 Nf6 2. c4 c5 3. g3 g6 4. Bg2 Bg7 5. O-O O-O 6. d4 cxd4 7. Nxd4 d5 8.
cxd5 Nxd5 9. Nb5 a6 10. N1c3 axb5 11. Nxd5 Nc6 12. Bg5 Be6 13. e4 Ra4 14. a3
Bxb2 15. Rb1 Bg7 16. Rxb5 Rd4 17. Qb1 Bc8 18. Rc1 Qd6 19. Rbc5 Rd1+ 20. Rxd1
Qxc5 21. Qd3 e6 22. Rc1 Qa5 23. Ne7+ Kh8 24. Bd2 Qd8 25. Qxd8 Rxd8 26. Bg5 f6
27. Nxc6 bxc6 28. Be3 e5 29. Bf1 h5 30. a4 Bb7 31. Rb1 Ba8 32. a5 c5 33. f3 f5
34. a6 fxe4 35. a7 exf3 36. Rb8 Bf6 37. Bxc5 e4 38. Bb6 e3 39. Bxe3 Kg7 40. h4
Be4 41. Kf2 Rh8 42. Rxh8 Kxh8 43. Bd3 1-0

[Event "SRB Team Chmp 2008"]
[Site "Subotica"]
[Date "2008.09.03"]
[Round "3.6"]
[White "Tosic, Miroslav"]
[Black "Djukic, Nikola"]
[Result "1-0"]
[WhiteElo "2422"]
[BlackElo "2545"]
[PlyCount "129"]
[EventDate "2008.09.01"]

1. c4 g6 2. Nc3 Bg7 3. g3 Nf6 4. Bg2 O-O 5. d4 d6 6. e3 Nc6 7. Nge2 a6 8. h3
Rb8 9. b3 Bd7 10. Bb2 b5 11. cxb5 axb5 12. d5 Na5 13. Nd4 b4 14. Nce2 e5 15.
dxe6 fxe6 16. a3 bxa3 17. Rxa3 Nc4 18. bxc4 Rxb2 19. O-O e5 20. Nb3 Qb8 21. Na5
Qb4 22. Ra1 Bf5 23. Nc1 Bc2 24. Nd3 Bxd3 25. Qxd3 e4 26. Qa3 Ra8 27. Qxb4 Rxb4
28. Nc6 Rxa1 29. Nxb4 Ra4 30. Rb1 c5 31. Nd5 Nxd5 32. cxd5 Bc3 33. Rb7 Be1 34.
Rb1 Bc3 35. Rb6 Be5 36. Rb7 g5 37. Rc7 h6 38. Bf1 Ra1 39. Kg2 Rd1 40. Be2 Rd2
41. Bg4 Kf8 42. Be6 Ra2 43. h4 gxh4 44. gxh4 Ke8 45. Bf5 Bf6 46. h5 Bh4 47.
Bg6+ Kd8 48. Rf7 c4 49. Rf8+ Kd7 50. Rf4 Bg5 51. Rxe4 Rd2 52. Kg3 Rxd5 53. Rxc4
Bf6 54. f4 Ra5 55. e4 Rc5 56. Rxc5 dxc5 57. Bf7 Ke7 58. Bc4 Bc3 59. e5 Bd4 60.
Kf3 Bc3 61. Ke4 Bd2 62. f5 Bg5 63. Kf3 Bh4 64. Kg4 Bg5 65. Kg3 1-0

[Event "SRB Team Chmp 2008"]
[Site "Subotica"]
[Date "2008.09.03"]
[Round "3.6"]
[White "Leskur, Dejan"]
[Black "Kosanovic, Goran A"]
[Result "1/2-1/2"]
[WhiteElo "2444"]
[BlackElo "2393"]
[PlyCount "57"]
[EventDate "2008.09.01"]

1. e4 e6 2. d4 d5 3. Nc3 dxe4 4. Nxe4 Bd7 5. Nf3 Bc6 6. Bd3 Nd7 7. c4 Bxe4 8.
Bxe4 c6 9. O-O Ngf6 10. Bc2 Be7 11. b3 O-O 12. Bb2 Re8 13. Qd3 g6 14. Rad1 Qa5
15. a3 Rad8 16. Rfe1 Bf8 17. Qe2 Bg7 18. g3 Qc7 19. Kg2 b6 20. Ne5 Nxe5 21.
dxe5 Nd7 22. f4 a5 23. Qf3 Nc5 24. b4 axb4 25. axb4 Na6 26. Bc3 Bf8 27. Rb1 Rd7
28. Be4 Red8 29. Re3 1/2-1/2